Foundations of financial management

Bibliographic Details
Main Authors: Block, Stanley B. (Author), Hirt, Geoffrey A. (Author)
Format: Book
Language:English
Published: Boston : McGraw-Hill , c2008
Edition:12th ed
Series:The McGraw-Hill/Irwin series in finance, insurance, and real estate
Subjects:

MARC

LEADER 00000cam a2200000 7i4500
001 0000057749
005 20201229093000.0
008 080527s2008 mau eng
020 |a 0071285717 
020 |a 9780071285711 
090 0 0 |a HG4026   |b .B589 2008 
100 1 |a Block, Stanley B. ,   |e author 
245 1 0 |a Foundations of financial management   |c Stanley B. Block, Geoffrey A. Hirt 
250 |a 12th ed 
260 |a Boston :   |b McGraw-Hill ,   |c c2008 
300 |a xxxi, 658, [56] p. :   |b ill. ;   |c 26 cm. 
440 4 |a The McGraw-Hill/Irwin series in finance, insurance, and real estate 
504 |a Includes bibliographical references and index 
505 0 |a 1. Introduction -- 2. Financial analysis and planning -- 3. Working capital management -- 4. The capital budgeting process -- 5. Long-term financing -- 6. Expanding the perspective of corporate finance 
650 0 |a Corporations   |x Finance 
700 1 |a Hirt, Geoffrey A. ,   |e author 
999 |a 1000118255   |b Book   |c OPEN SHELF (30 DAYS)   |e Gong Badak Campus